000 01111nas a2200373 4500
001 BR0000043
003 BR-BrBNA
005 20231205101624.0
007 ta
008 230509b bl.|||p| |||| 00| 00por d
040 _aBR-BrBNA
_bpor
_cBiblioteca Nacional de Agricultura
041 _a(Pt)
072 _aL51
100 1 _aBett, V.
100 1 _aSantos, G.T. dos
100 1 _aAroeira, L.J.M.
100 1 _aPetit, H.V.
100 1 _aDias, P.G.
100 1 _aSantos, T.C. dos
100 1 _aLeggi, T.C. dos S.S.
100 1 _aPeron, K. de F.
100 1 _aZeoula, L.M.
245 1 _aDesempenho e digestibilidade in vivo de cordeiros alimentados com dietas contendo canola em grao integral em diferentes formas
650 _aCordeiro
650 _aColza
650 _aPerformance
650 _aDigestibilidade
650 _aDieta
650 _aPropriedade Fisico-Quimica
650 _aRumen
773 0 _tRevista Brasileira de Zootecnia (Brazil)
_xISSN 1516-3598
_g(Jul-Aug 1999), v. 28(4) p. 808-815
_wBR0000043
909 _a202311
_bLúcia
_c55
_dLúcia Elande
942 _2AGRIS
_n0
_cANA
999 _c162878
_d162878